Котельные установки промышленных предприятий: методические указания и индивидуальные задания по дисциплине «Котельные установки промышленных предприятий» для студентов ЗФО, обучающихся по направлению 13.03.01 «Теплоэнергетика и теплотехника», профиль «Промышленная теплоэнергетика»

Bibliographic Details
Corporate Author: Национальный исследовательский Томский политехнический университет Инженерная школа энергетики Научно-образовательный центр И. Н. Бутакова (НОЦ И. Н. Бутакова)
Other Authors: Теплухин Е. П. Евгений Прокопьевич (составитель), Плахова Т. М. Татьяна Михайловна, Буваков К. В. Константин Владимирович
Summary:Заглавие с титульного экрана
Электронная версия печатной публикации
Методические указания и индивидуальные задания по дисциплине «Котельные установки промышленных предприятий» предназначены для студентов ЗФО, обучающихся по направлению 13.03.01 «Теплоэнергетика и теплотехника», профиль «Промышленная теплоэнергетика». Данная дисциплина изучается в двух семестрах. Приведено содержание основных тем дисциплины, указаны темы практических занятий и перечень лабораторных работ. Приведены варианты индивидуальных домашних заданий и курсового проекта. Даны методические указания по выполнению индивидуальных домашних заданий и курсового проекта.
Режим доступа: из корпоративной сети ТПУ
Language:Russian
Published: Томск, Изд-то ТПУ, 2018
Subjects:
Online Access:http://www.lib.tpu.ru/fulltext2/m/2018/m045.pdf
Format: MixedMaterials Electronic Book
KOHA link:https://koha.lib.tpu.ru/cgi-bin/koha/opac-detail.pl?biblionumber=341956

MARC

LEADER 00000nlm0a2200000 4500
001 341956
005 20240125123222.0
035 |a (RuTPU)RU\TPU\book\370302 
090 |a 341956 
100 |a 20181108d2018 m y0rusy50 ca 
101 0 |a rus 
102 |a RU 
105 |a a j 001zy 
135 |a drgn ---uucaa 
181 0 |a i  
182 0 |a b 
200 1 |a Котельные установки промышленных предприятий  |e методические указания и индивидуальные задания по дисциплине «Котельные установки промышленных предприятий» для студентов ЗФО, обучающихся по направлению 13.03.01 «Теплоэнергетика и теплотехника», профиль «Промышленная теплоэнергетика»  |f Национальный исследовательский Томский политехнический университет ; сост. Е. П. Теплухин ; Т. М. Плахова ; К. В. Буваков 
203 |a Текст  |c электронный 
210 |a Томск  |c Изд-то ТПУ  |d 2018 
300 |a Заглавие с титульного экрана 
300 |a Электронная версия печатной публикации 
330 |a Методические указания и индивидуальные задания по дисциплине «Котельные установки промышленных предприятий» предназначены для студентов ЗФО, обучающихся по направлению 13.03.01 «Теплоэнергетика и теплотехника», профиль «Промышленная теплоэнергетика». Данная дисциплина изучается в двух семестрах. Приведено содержание основных тем дисциплины, указаны темы практических занятий и перечень лабораторных работ. Приведены варианты индивидуальных домашних заданий и курсового проекта. Даны методические указания по выполнению индивидуальных домашних заданий и курсового проекта. 
333 |a Режим доступа: из корпоративной сети ТПУ 
606 1 |a Котельные установки промышленные  |2 stltpush  |3 (RuTPU)RU\TPU\subj\16035  |9 42228 
610 1 |a электронный ресурс 
610 1 |a труды учёных ТПУ 
610 1 |a учебные пособия 
610 1 |a методические указания 
610 1 |a лабораторные работы 
610 1 |a расчеты 
610 1 |a индивидуальные задания 
675 |a 621.181(076.5)  |v 3 
702 1 |a Теплухин  |b Е. П.  |c доцент, кандидат технических наук  |c кафедра парогенераторостроения и парогенераторных установок Томского политехнического университета  |g Евгений Прокопьевич  |3 (RuTPU)RU\TPU\pers\26032  |4 220  |9 11879 
702 1 |a Плахова  |b Т. М.  |c специалист в области теплоэнергетики  |c инженер Томского политехнического университета, методист  |f 1989-  |g Татьяна Михайловна  |3 (RuTPU)RU\TPU\pers\30470  |4 220 
702 1 |a Буваков  |b К. В.  |c специалист в области теплотехники  |c доцент Томского политехнического университета, кандидат технических наук  |f 1977-  |g Константин Владимирович  |3 (RuTPU)RU\TPU\pers\26023  |4 220  |9 11870 
712 0 2 |a Национальный исследовательский Томский политехнический университет  |b Инженерная школа энергетики  |b Научно-образовательный центр И. Н. Бутакова (НОЦ И. Н. Бутакова)  |3 (RuTPU)RU\TPU\col\23504 
801 2 |a RU  |b 63413507  |c 20181218  |g RCR 
856 4 |u http://www.lib.tpu.ru/fulltext2/m/2018/m045.pdf 
942 |c CF